Missing Word: Films Set in France II Quiz Stats

 Plays Quiz Updated Aug 24, 2016

Challenge
Share
Tweet
Embed
Score 0/20 Timer 05:00
0 Plays Today
Title Missing Word % Correct
Everyone Says I ____ YouLove
95.4%
The ____ of the OperaPhantom
95.4%
The ____ of Monte CristoCount
95%
____ to Steal a MillionHow
92.4%
____ LiaisonsDangerous
89.4%
The Pink Panther ____ AgainStrikes
86.7%
Sex and the ____City
85.6%
The Truth ____ CharlieAbout
83.8%
____ Hour 3Rush
83.6%
A ____ in the DarkShot
77%
Title Missing Word % Correct
____ KissFrench
52.7%
National Treasure II: The Book of ____Secrets
45.4%
____ When It SizzlesParis
36.8%
Mr. Morgan's ____ LoveLast
36%
Three Colors: ____Blue
33.5%
____ LiliDarling
21.2%
Kiss of the ____Dragon
15%
A Little ____Romance
11%
The Affair of the ____Necklace
9.3%
____ in ParisJefferson
5.5%

Today's Daily Dose

Missing Word
Hayao Miyazaki

Word Ladder
Florida

On This Day
December 13th II

You're not logged in!

Compare scores with friends on all Sporcle quizzes.
OR
Log In

You Might Also Like...

Show Comments

Extras

Top Quizzes Today


Score Distribution

Your Account Isn't Verified!

In order to create a playlist on Sporcle, you need to verify the email address you used during registration. Go to your Sporcle Settings to finish the process.

Report this User

Report this user for behavior that violates our Community Guidelines.

Details: